To authorize major medical facility projects and major medical facility leases for the Department of Veterans Affairs for fiscal years 2006 through 2009 : report (to accompany S. 3421 as amended).

Bibliographic Details
Corporate Author: United States. Congress. Senate. Committee on Veterans' Affairs
Format: Government Document Book
Language:English
Published: [Washington, D.C.] : [U.S. G.P.O.], [2006]
Series:Report / 109th Congress, 2d session, Senate ; 109-328
Subjects:
Online Access:PDF version:

MARC

Tag First Indicator Second Indicator Subfields
LEADER 00000cam a2200000 a 4500
001 in00002186321
005 20220106092627.0
008 061010s2006 dcu f000 0 eng c
035 |a (OCoLC)ocm71509955 
040 |a GPO  |c GPO  |d MvI  |d UtOrBLW 
042 |a pcc 
043 |a n-us--- 
049 |a UDOC 
049 |a WWW 
050 1 4 |a KF31  |b .V4 2006b 
074 |a 1008-C 
074 |a 1008-C (online) 
074 |a 1008-D (MF) 
074 |a 1008-D (online) 
086 0 |a Y 1.1/5:109-328 
110 1 |a United States.  |b Congress.  |b Senate.  |b Committee on Veterans' Affairs. 
245 1 0 |a To authorize major medical facility projects and major medical facility leases for the Department of Veterans Affairs for fiscal years 2006 through 2009 :  |b report (to accompany S. 3421 as amended). 
264 1 |a [Washington, D.C.] :  |b [U.S. G.P.O.],  |c [2006] 
300 |a 16 pages ;  |c 24 cm. 
336 |a text  |b txt  |2 rdacontent 
337 |a unmediated  |b n  |2 rdamedia 
338 |a volume  |b nc  |2 rdacarrier 
490 1 |a Report / 109th Congress, 2d session, Senate ;  |v 109-328 
500 |a Caption title. 
500 |a Distributed to some depository libraries in microfiche. 
500 |a "September 6, 2006." 
500 |a Shipping List Date: 10/06/2006 
501 |a Shipping list no.: 2007-0001-P. 
530 |a Also available via Internet from the GPO Access web site. Address as of 3/7/2007: http://frwebgate.access.gpo.gov/cgi-bin/getdoc.cgi?dbname=109_cong_reports&docid=f:sr328.109 (text version), http://frwebgate.access.gpo.gov/cgi-bin/getdoc.cgi?dbname=109%5Fcong%5Freports&docid=f:sr328.109.pdf (PDF version); current access is available via PURL. 
650 0 |a Veterans' hospitals  |x Law and legislation  |z United States. 
810 1 |a United States.  |b Congress.  |b Senate.  |t Report ;  |v 109-328. 
856 4 1 |3 PDF version:  |u https://purl.fdlp.gov/GPO/LPS74412  |t 0 
999 |a MARS 
999 f f |s c2c3d40b-8585-373c-8573-0ec81a315393  |i 1b4eeb22-a818-31e7-b6cc-f221a4738ede  |t 0 
952 f f |a Texas A&M University  |b College Station  |c Electronic Resources  |d Available Online  |t 0  |e Y 1.1/5:109-328  |h Superintendent of Documents classification 
998 f f |a Y 1.1/5:109-328  |t 0  |l Available Online